| 000 | 00619 a2200157 4500 | ||
|---|---|---|---|
| 001 | 144336 | ||
| 040 | _cLeonardo Da Vinci | ||
| 041 | _aPortuguês | ||
| 082 |
_aAP530 S579f _bS579f |
||
| 100 |
_aSILVA, Djalma Nunes da _aPIQUEIRA, José Roberto Castilho _aANDRADE, Luís Ricardo Arruda de _aPIAZZI, Pierluigi _aCARRILHO, Ronaldo |
||
| 245 |
_aFísica _blivro texto |
||
| 260 |
_bAnglo _c2008 _aSão Paulo |
||
| 362 | _a20080000 | ||
| 697 |
_aFísica _aAtrito _aMovimento circular _aTrabalho e energia _aDinâmica impulsiva _aEstática _aGravitação _aCapacitores _aMedidas elétricas _aForça magnética _aAcústica |
||
| 942 | _cBK | ||
| 999 |
_c144336 _d144336 |
||